000 00846nam a2200205 a 4500
001 000026499
005 20200930030244.0
008 110322s2002 mx r 000 0 spa d
020 _a9701885015
040 _aDO-SdBNP
_bspa
_cBNPHU
082 _axxx
_bM722g
100 1 _aMolina Martínez, Rubén
_953569
245 1 0 _aGobierno y comunicación soacial /
_cRubén Molina Martínez ; prólogo Humberto Luis Valdivia.
260 _aMéxico, D. F. :
_bInstituto Politécnico Nacional,
_c2002.
300 _a187, [1] p. ;
_c21 cm.
504 _aIncluye bibliografía (p. 175-187)
505 0 _aComunicación -- Medios de comunicación -- Credibilidad de la sociedad en la acción de gobernar -- Alcances y limitaciones en lo interno y en lo externo -- Consideraciones finales
700 1 _aValdivia, Humberto Luis
_epról.
_953570
049 _aBNGR
999 _c25991
_d25991